000 00752cam a22002533a 4500
001 21370
003 PGUSA
005 20140828083444.0
008 070511s2007||||xxu|||||s|||||000 | eng d
040 _aPGUSA
_beng
042 _adc
050 4 _aBJ
100 1 _aBurgess, Gelett,
_d1866-1951
245 1 0 _aMore Goops and How Not to Be Them :
_bA Manual of Manners for Impolite Infants
_h[electronic resource] /
_cGelett Burgess
260 _bProject Gutenberg,
_c2007
506 _aPublic domain in the USA.
516 _aElectronic text
653 _aEtiquette
653 _aBehavior
653 _aEtiquette for children and teenagers
830 0 _aProject Gutenberg
_v21370
856 4 0 _uhttp://www.gutenberg.org/ebooks/21370
942 _cEB
999 _c250625
_d250625